Movies Quiz

Random Movies or Chemistry Quiz

Find the Missing Elements in Movies Quiz Stats

 Plays Quiz not verified by Sporcle

Score 0/12 Timer 03:00
0 Plays Today
% Correct
The Man in the IRON Mask
87.7%
Austin Powers in
GOLDmember
87.4%
Jason and the ARGONauts
86.1%
CARBON Copy
85%
NICKELodeon
83.6%
All Roads LEAD to Rome
83.4%
SILVER Linings Playbook
76.1%
PLATINUM Blonde
70.7%
MERCURY Rising
69.4%
COPPERhead
65.8%
TIN Cup
65%
Dig That URANIUM
59.5%

You're not logged in!

Compare scores with friends on all Sporcle quizzes.
OR
Log In

You Might Also Like...

Show Comments

Extras

Top Quizzes Today


Score Distribution

Your Account Isn't Verified!

In order to create a playlist on Sporcle, you need to verify the email address you used during registration. Go to your Sporcle Settings to finish the process.

Report this User

Report this user for behavior that violates our Community Guidelines.

Details: